Normal view
MARC view
- Abdullah11.King of jordan 1962-jordan-Kings and rulers-biography، jordan-politics and government
Entry Topical Term
001 - CONTROL NUMBER
- control field: 1460
003 - CONTROL NUMBER IDENTIFIER
- control field: JO-AjAnu
005 - DATE AND TIME OF LATEST TRANSACTION
- control field: 20230606070537.0
008 - FIXED-LENGTH DATA ELEMENTS
- fixed length control field: 230606|| aca||aabn | a|a d
040 ## - CATALOGING SOURCE
- Original cataloging agency: JO-AjAnu
- Transcribing agency: JO-AjAnu
150 ## - HEADING--TOPICAL TERM
- Topical term or geographic name entry element: Abdullah11.King of jordan 1962-jordan-Kings and rulers-biography، jordan-politics and government
670 ## - SOURCE DATA FOUND
- Source citation: Work cat.: (JO-AjAnu)769: Abdullah11, King of jordan 1962, author 1459, Our Last Best Chance: The Pursuit of Peace in a Time of Peril